|
|
|
|
| LEADER |
01058naa a2200217 i 4500 |
| 001 |
acta73015 |
| 005 |
20230302134120.0 |
| 008 |
210714s2018 hu o 1|| eng d |
| 020 |
|
|
|a 978-963-306-589-1
|
| 040 |
|
|
|a SZTE Egyetemi Kiadványok Repozitórium
|b hun
|
| 041 |
|
|
|a eng
|
| 100 |
1 |
|
|a Molnár Lajos
|
| 245 |
1 |
0 |
|a Certain parasitosis of the wild boar and their importance in wildlife management in Hungary and in certain hunting regions of Heves county
|h [elektronikus dokumentum] /
|c Molnár Lajos
|
| 260 |
|
|
|c 2018
|
| 300 |
|
|
|a 69
|
| 490 |
0 |
|
|a Wellmann International Scientific Conference
|
| 650 |
|
4 |
|a Mezőgazdaság-tudományok
|
| 650 |
|
4 |
|a Állatorvosi tudományok
|
| 695 |
|
|
|a Vadgazdálkodás - Magyarország - előadáskivonat, Parazitológia - állati - előadáskivonat, Fertőző betegségek - férgeg - előadáskivonat, Vaddisznó - előadáskivonat
|
| 711 |
|
|
|a Wellmann International Scientific Conference (16.)
|c Hódmezővásárhely
|d 2018
|
| 856 |
4 |
0 |
|u http://acta.bibl.u-szeged.hu/73015/1/wellmann_abstracts_2018_069.pdf
|z Dokumentum-elérés
|